| Virtuální polytechnická knihovna - Souborný katalog - Úplný záznam dokumentu - MARC |
Uživatel: --- |
-----nas 22-----zu 4500
001 SKVPK0031906
003 CZ-VPK
005 20260424113822.0
008 260424d19621991||||| | ||| || |||||||
022 $a0589-1469
040 $aABA013$bcze
222 0$aNuclear fusion supplement
245 00$aNuclear fusion supplement
260 $aRakousko :$b Wien : International Atomic Energy Agency, 1961,$c1962-1991
650 07$afyzika$xfy$2psh
785 00$tPlasma physics and controlled nuclear fusion research
910 $aABA013$r1962, 1970, 1972-1976, 1981-1982, 1986-1987, 1991
| čtvrtek 14.05.2026 00:04:44 |
© 2001-2015 Národní technická knihovna |
[Virtuální polytechnická knihovna]
[Servisní centrum]
[Souborný katalog]